00386nam a22001097a 4500008004100000082002200041100003700063245006700100260005500167300001900222650003500241190429b ||||| |||| 00| 0 eng d a344.046 N27r 2018 aNational Environment Commission  aReport on Community level water resources ;bSamtse Dzongkhag. aThimphu ;bNational Environment Commission,c2018. a100 p.c24 cm. aNational Commission of Bhutan.